| 000 | 00678am a2200253a 44500 | ||
|---|---|---|---|
| 003 | AR-BaBNM | ||
| 005 | 20251128211143.0 | ||
| 008 | 083020s1981 #AR|||||||||||000 | esp|| | ||
| 040 | _cAR-BaBNM | ||
| 100 | 1 | _aRamos, Jorge Abelardo | |
| 245 | 1 | 0 | _aLa era del peronismo |
| 260 |
_aBuenos Aires _bEdiciones del Mar Dulce _c1981 |
||
| 300 | _a294 p. | ||
| 650 | 4 | _aHISTORIA ARGENTINA | |
| 650 | 4 | _aPRESIDENCIAS ARGENTINAS | |
| 650 | 4 | _aREVOLUCION DE 1943 | |
| 650 | 4 | _aHISTORIA POLITICA | |
| 650 | 4 | _aHISTORIA SOCIAL | |
| 650 | 4 | _aHISTORIA POLITICA ARGENTINA | |
| 650 | 4 | _aREVOLUCION DE SETIEMBRE DE 1955 | |
| 653 | _aPERONISMO | ||
| 942 | _cBK | ||
| 998 | _cmariana | ||
| 999 |
_c18480 _d18480 |
||